[Event "Veliko Gradiste Silver Lake op"]
[Site "Veliko Gradiste"]
[Date "2019.06.18"]
[Round "4"]
[White "Slavic, Nikola"]
[Black "Zivku, Djordje"]
[Result "0-1"]
[WhiteElo "1947"]
[BlackElo "2111"]
[PlyCount "124"]
[EventDate "2019.06.16"]
[EventType "swiss"]
[EventRounds "9"]
[EventCountry "SRB"]
[SourceTitle "CBM 191 Extra"]
[Source "ChessBase"]
[SourceDate "2019.09.30"]
[SourceVersion "1"]
[SourceVersionDate "2019.09.30"]
[SourceQuality "1"]

1. e4 c5 2. Nf3 Nc6 3. Bb5 d6 4. 0-0 e5 5. c3 Nf6 6. Re1 Bd7 7. d4 cxd4 8. cxd4 Qa5 9. Nc3 a6 10. Bxc6 Bxc6 11. Bg5 Be7 12. Bxf6 Bxf6 13. Nd5 Bxd5 14. exd5 0-0 15. dxe5 dxe5 16. Nxe5 Rad8 17. Nc4 Qxd5 18. Qxd5 Rxd5 19. Rab1 b5 20. Ne3 Rd2 21. Nd1 Rfd8 22. Kf1 g6 23. g3 Kg7 24. h3 a5 25. a3 R8d3 26. Kg2 Bd4 27. Rf1 Be5 28. Kh1 h5 29. h4 Rf3 30. Kg1 f5 31. Re1 Bd4 32. Kg2 Rfd3 33. Rf1 Kf6 34. Re1 Rc2 35. Rf1 Be5 36. Kh1 f4 37. gxf4 Bxf4 38. Ne3 Re2 39. Rbd1 Rxd1 40. Nxd1 b4 41. axb4 axb4 42. b3 Kf5 43. Kg2 Kg4 44. Rg1 Ra2 45. Rh1 Bh6 46. Rh3 Rd2 47. Ne3+ Bxe3 48. Rxe3 Rd4 49. Rh3 Kf5 50. Rf3+ Ke5 51. Re3+ Kd5 52. Rg3 Rg4 53. Rxg4 hxg4 54. Kg3 Kd4 55. Kxg4 Kc3 56. Kg5 Kxb3 57. h5 gxh5 58. f4 h4 59. Kxh4 Kc4 60. f5 Kd5 61. Kg5 b3 62. f6 Ke6 0-1